| 000 | 00783cam a22002651 4500 | ||
|---|---|---|---|
| 001 | 76561 | ||
| 003 | BD-RjUL | ||
| 005 | 20211209082847.0 | ||
| 008 | 770321s1954 ii a b 000 0 eng | ||
| 035 | _a(BD-RjUL)76785 | ||
| 040 |
_aDLC _cScU _dDLC _beng |
||
| 041 | _aeng | ||
| 042 | _apremarc | ||
| 082 |
_223 _a677.21054 _bMEC 1954 |
||
| 100 | 1 |
_aMetha, S. D. _9236686 |
|
| 245 | 1 | 4 |
_aThe cotton mills of India, 1854-1954./ _cForeword by Sir Homi Mody. |
| 260 |
_aBombay : _bTextile Association (India) , _c[1954] |
||
| 300 |
_a308 p. : _billus.; _c29 cm. |
||
| 504 | _aIncludes bibliography. | ||
| 650 | 0 |
_aCotton manufacture _zIndia _9236687 |
|
| 906 |
_a7 _bcbc _coclcrpl _du _encip _f19 _gy-gencatlg |
||
| 942 |
_2ddc _cBK |
||
| 999 |
_c76561 _d76561 |
||